Missing Word: 20th Century Novels A-Z Quiz Stats

 Plays Quiz Updated Apr 22, 2015

Challenge
Share
Tweet
Embed
Score 0/26 Timer 03:00
0 Plays Today
Hint Answer % Correct
To ____ a Mockingbird - LeeKill
98.8%
Brave ____ World - HuxleyNew
98.6%
The ____ Man and the Sea - HemingwayOld
97.7%
All ____ on the Western Front - RemarqueQuiet
96.5%
Lord of the ____ - GoldingFlies
95.9%
A Room with a ____ - ForsterView
95.7%
____ of Eden - SteinbeckEast
94.3%
A Portrait of the Artist as a ____ Man - JoyceYoung
89.9%
Things Fall ____ - AchebeApart
86.2%
____ in the Time of Cholera - MárquezLove
83.2%
The Bell ____ - PlathJar
80.5%
____ Comes for the Archbishop - CatherDeath
78.1%
____ the Greek - KazantzakisZorba
77.2%
Hint Answer % Correct
____ Revisited - WaughBrideshead
71.5%
____ is the Night - FitzgeraldTender
67.7%
Song of ____ - MorrisonSolomon
62.8%
Norwegian ____ - MurakamiWood
58.3%
The ____ of the Day - IshiguroRemains
57.7%
Portnoy's ____ - RothComplaint
55.8%
The ____ Lightness of Being - KunderaUnbearable
55.6%
The ____ of the Spirits - AllendeHouse
40.3%
The ____ of Small Things - RoyGod
39.7%
____ Jest - WallaceInfinite
37.3%
The House on ____ Street - CisnerosMango
22.9%
____ Fire - NabokovPale
17.2%
____ - CardXenocide
7.8%

Today's Daily Dose

You're not logged in!

Compare scores with friends on all Sporcle quizzes.
OR
Log In

You Might Also Like...

Show Comments

Extras

Top Quizzes Today


Score Distribution

Your Account Isn't Verified!

In order to create a playlist on Sporcle, you need to verify the email address you used during registration. Go to your Sporcle Settings to finish the process.

Report this User

Report this user for behavior that violates our Community Guidelines.

Details: